Systém controllingu v cirkevných organizáciách diplomová práca

Gespeichert in:
Bibliographische Detailangaben
1. Verfasser: Mitura, Augustín
Körperschaft: Fakulta podnikového manažmentu EU. Katedra podnikovohospodárska
Weitere Verfasser: Dubcová, Gabriela, 1968-
Format: Buch
Sprache:Slowakisch
Veröffentlicht: Bratislava 2020
Tags: Tag hinzufügen
Keine Tags, Fügen Sie das erste Tag hinzu!

MARC

LEADER 00000nbm a2200000 4500
001 0266182
005 20201126150853.6
041 0 |a slo 
044 |a SK 
245 1 0 |a Systém controllingu v cirkevných organizáciách  |b diplomová práca  |c Augustín Mitura ; školiteľ: Gabriela Dubcová 
264 1 |a Bratislava  |c 2020 
300 |a 95 s. 
100 1 |a Mitura, Augustín 
700 1 |a Dubcová, Gabriela, 1968- 
710 2 |a Fakulta podnikového manažmentu EU. Katedra podnikovohospodárska